000 00872nam a2200241 a 4500
001 000046965
005 20201002053240.0
008 180412s2016 dr abc r 000 0 spa d
020 _a9789945595772 (v.1)
020 _a9789945599619 (v.2)
040 _aDO-SdBNP
_bspa
_cBNPHU
082 _axxxx
_bV335c
100 1 _aVásquez Güichardo, Julia Mery
_974869
245 1 0 _aCiencias de la naturaleza 4 :
_bcuarto grado, segundo ciclo educación primaria /
_cJulia Mery Vásquez Güichardo, Andrea Griselda Rincón Ozuna ; ilustración Henry Cid.
260 _aSanto Domingo :
_bActualidad Escolar 2000,
_c2016.
300 _av. :
_bil., mapas retrs. ;
_c22 cm.
490 1 _aVeraz
504 _aBibliografía : p. 224
590 _aInventariado, 2018/LP
700 1 _aRincón Ozuna, Andrea Griselda
_974870
700 1 _aCid, Henry,
_eil.
_9346
830 0 _aVeraz
_974848
999 _c46453
_d46453